LEADER 01740nam a2200361 u 4500 001 000000017804 003 CaOOAMICUS 005 20070226110613.0 008 940517s1984 gw u000 u eng u 020 $a3110081385 :$cDM142.00 ({dollar}67.50 U.S. : est.) 020 $a3-11-008138-5 035 $a10414786 040 $aCStRLIN$bita$dCBGTU$dEFR(R) 082 0 $a016.933/0072024$219 100 1 $aFeldman, Louis H.,$d1951-$0(OLS)http://pul/name/15986 245 10$aJosephus and modern scholarship, 1937-1980 /$cLouis H. Feldman. 260 $aBerlin ;$aNew York :$bW. de Gruyter,$c1984. 300 $axv, 1055 p. ;$c25 cm 500 $aIncludes indexes. 600 14$aIosephus, Flavius,$dsec. I$xBibliografia.$0(OLS)http://pul/subject/12516 650 0$aJews$xHistory$yTo 70 A.D.$xBibliography.$2//eng$0(OLS)http://pul/subject/12517 650 4$aEbrei$xStoria$y586 a.C.-210 d.C.$xBibliografia.$0(OLS)http://pul/subject/12518 850 $aPUL 852 $aPUL$W1$xSL Religione 1$y3$m7(1) D 109$j25077$nBK-PRI$b $qStampati$B25077$CPULBib$Z2$F25077 $H $81 852 $aPUL$W1$xSL Religione 1$y3$m10(1) C 1.$j25078$nBK-PRI$b $qStampati$B25078$CPULBib$Z2$F25078 $H $81 941 1 $a8 961 $aINV: 74420 961 $aINV: 52078. 996 $6020$a3110081385 :$cDM142.00 ({dollar}67.50 U.S. : est.)$9(OLS)http://pul/number/22940 996 $6020$a3-11-008138-5$9(OLS)http://pul/number/22941 996 $6082$a016.933/0072024$219$9(OLS)http://pul/classification/265 996 $6245$aJosephus and modern scholarship, 1937-1980$9(OLS)http://pul/title/25472 996 $6260$aBerlin ;$aNew York :$bW. de Gruyter$9(OLS)http://pul/publisher/48624 LEADER 01703namaa2200385 i 4500 001 000000177345 003 CaOOAMICUS 005 20241003102821.0 008 241003s2024 it u000 u ita r 020 $a978-88-288-5854-6* 032 $aLibriCat 040 $aPUL$bita 082 04$a345.4505 100 1 $aTonini, Paolo,$d1945-,$eautore.$0(OLS)http://pul/name/107068 245 10$aManuale di procedura penale /$cPaolo Tonini , Carlotta Conti. 250 $aVenticinquesima edizione. 260 $aMilano :$bGiuffrè,$c©2024. 300 $aXXVIII, 1270 pagine ;$c24 cm. 336 $atesto$btxt$2rdacontent 337 $asenza mediazione$bn$2rdamedia 338 $avolume$bnc$2rdacarrier 500 $aInclude indici. 500 $aIl volume, giunto alla venticinquesima edizione, fa il punto sulle ultime novità in materia di intercettazioni e violenza di genere e sul d.lgs. n.31/2024, correttivo della riforma Cartabia. 504 $aBibliografia in nota. 650 4$aDiritto processuale penale$xManuali.$0(OLS)http://pul/subject/44740 650 4$aProcedura penale$zItalia.$0(OLS)http://pul/subject/12686 700 1 $aConti, Carlotta,$eautore.$0(OLS)http://pul/name/113051 850 $aPUL 852 $aPUL$W1$xSL Diritto e Scienze Sociali 3$y79$m345. 4505 TONPA 4$j201302$qDDC 21$B206298$CPULBib$Z2$F206298 $H137430 $82 941 1 $a9 996 $6020$a978-88-288-5854-6*$9(OLS)http://pul/number/170048 996 $6082$a345.4505$9(OLS)http://pul/classification/385 996 $6245$aManuale di procedura penale$9(OLS)http://pul/title/67007 996 $6260$aMilano :$bGiuffrè$9(OLS)http://pul/publisher/48401